000 005380000a22002050004500
003 LK-CoMWRAF
005 20231230153955.0
008 230817t ||||| |||| 00| 0 eng d
020 _a088059036X
040 _aLK-CoMWRAF
_dLK-CoMWRAF
_eLK-CoMWRAF
041 _aeng
082 _a297.82
_bMUS
100 _aMusawi, 'Abd al-Husayn Sharaf al-Din Al-
245 _aThe Right path
260 _aU.S.A. :
_bZahra Publications,
_c1986
300 _a513p
650 _aIslam
700 _aKhan, Muhammad Amir Haider
_etrans.
942 _cBK
999 _c1382
_d1382